Seguimiento y evaluación ex-post de proyectos FNDR, período 1990-1994: informe final

Guardat en:
Dades bibliogràfiques
Autor corporatiu: Ministerio del Interior (Autor)
Format: Llibre
Idioma:espanyol
Publicat: Santiago Ministerio del Interior 1997
Matèries:
Etiquetes: Afegir etiqueta
Sense etiquetes, Sigues el primer a etiquetar aquest registre!

MARC

LEADER 00000nam a2200000 a 4500
001 UCP6316
003 CL-VaPUC
008 991021e19970000CL |||||||||||||||||spa|d
082 0 4 |a 352.007  |b MIN  |2 21 
110 2 |a Ministerio del Interior  |e author  |9 435351 
245 1 0 |a Seguimiento y evaluación ex-post de proyectos FNDR, período 1990-1994: informe final 
300 |a 164 p 
942 |c BK 
945 |d 19991021 00:00:00  |a rbrito 
260 |a Santiago  |b Ministerio del Interior  |c 1997 
650 0 |a Regionalización   |9 255465 
650 0 |a Desarrollo económico  |9 259599 
650 0 |a Desarrollo regional  |9 354599 
650 7 |a RECURSOS DE INVERSION REGIONAL  |2 CL-VaPUC  |9 435352 
651 7 |a CHILE  |2 CL-VaPUC  |9 435353 
583 |a last modification  |c 19991021 00:00:00  |k Rodrigo Vera 
999 |c 283907  |d 283905 
952 |0 0  |1 0  |4 0  |6 352_007000000000000_MIN_1997  |7 0  |8 A  |9 327444  |a BIBGIM  |b BIBGIM  |d 2019-11-20  |i 3479447  |o 352.007 MIN 1997  |p 3479447  |r 2025-01-15  |w 2019-11-20  |y BK  |k GIM